书目信息 |
| 题名: |
《文心雕龙》雅丽思想研究
|
|
| 作者: | 王万洪 著 | |
| 分册: | 上册 | |
| 出版信息: | 北京 中华书局 2019 |
|
| 页数: | 2册(11,706页) | |
| 开本: | 21cm | |
| 丛书名: | ||
| 单 册: | ||
| 中图分类: | I206.391 | |
| 科图分类: | ||
| 主题词: | 文学理论--wen xue li lun--中国--南朝时代 | |
| 电子资源: | ||
| ISBN: | 978-7-101-14068-2 | |
| 000 | 00976nam0 2200253 450 | |
| 001 | 2131047302 | |
| 005 | 20211031085300.77 | |
| 010 | @a978-7-101-14068-2@dCNY44.00(全2册88.00) | |
| 100 | @a20191121d2019 em y0chiy0120 ea | |
| 101 | 0 | @achi |
| 102 | @aCN@b110000 | |
| 105 | @aa z 000yy | |
| 106 | @ar | |
| 200 | 1 | @a《文心雕龙》雅丽思想研究@Awen xin diao long ya li si xiang yan jiu@h上册@f王万洪著 |
| 210 | @a北京@c中华书局@d2019 | |
| 215 | @a2册(11,706页)@c图@d21cm | |
| 300 | @a四川省社科联2013规划青年项目 儒家文明协同创新中心后期资助项目 第一辑 | |
| 330 | @a本书内容包括:儒家思想的影响、其他思想流派的影响、史传文学的影响、雅丽思想的基本内涵、雅丽思想的基本表现、风骨美与雅丽美、隐秀论风格说辨正等。 | |
| 605 | @a《文心雕龙》@Awen xin diao long@x古典文学研究 | |
| 606 | 0 | @a文学理论@Awen xue li lun@y中国@z南朝时代 |
| 690 | @aI206.391@v5 | |
| 701 | 0 | @a王万洪@Awang wan hong@4著 |
| 801 | 0 | @aCN@b百万庄@c20211029 |
| 905 | @b1313195-98@dI206.391@e398:1@f4 | |
| 《文心雕龙》雅丽思想研究.上册/王万洪著.-北京:中华书局,2019 |
| 2册(11,706页):图;21cm |
| 四川省社科联2013规划青年项目 儒家文明协同创新中心后期资助项目 第一辑 |
| ISBN 978-7-101-14068-2:CNY44.00(全2册88.00) |
| 本书内容包括:儒家思想的影响、其他思想流派的影响、史传文学的影响、雅丽思想的基本内涵、雅丽思想的基本表现、风骨美与雅丽美、隐秀论风格说辨正等。 |
| ● |
| 相关链接 |
|
|
|
|
正题名:《文心雕龙》雅丽思想研究
索取号:I206.391/398:1
 
预约/预借
| 序号 | 登录号 | 条形码 | 馆藏地/架位号 | 状态 | 备注 |
| 1 | 1313195 | 213131957 | 第一样本阅览室/ [索取号:I206.391/398:1] | 在馆 | |
| 2 | 1313196 | 213131966 | 第二借阅区/ [索取号:I206.391/398:1] | 在馆 | |
| 3 | 1313197 | 213131975 | 第二借阅区/ [索取号:I206.391/398:1] | 在馆 | |
| 4 | 1313198 | 213131984 | 第二借阅区/ [索取号:I206.391/398:1] | 在馆 |